00383pab a2200133 454500008004000000100002000040245007200060260000900132300001200141362000900153650002100162700002100183773004500204180718b1987 xxu||||| |||| 00| 0 eng d aKhan, Mohsin S. aReal exchange rate dynamics in a small, Primary - exporting country c1987 a681-710 aDec. aForeign Exchange aPeter J. Montiel aInternational Monetary Fund Staff Papers